Statistics for Actors who have played multiple comic book characters

Click here to take the quiz!

General Stats

  • This quiz has been taken 40 times
  • The average score is 10 of 21

Answer Stats

Actor Roles % Correct
Ben AffleckBatman
100%
Chris EvansCaptain America
100%
Halle BerryCatwoman
97%
Daredevil
94%
Human Torch
89%
Thanos
86%
Brandon RouthSuperman
83%
Storm
81%
Michael FassbenderMagneto
78%
Josh BrolinCable
58%
Jonah Hex
47%
The Atom
39%
Eitri
22%
Agent K
22%
Peter DinklageBolivar Trask
19%
Lucas Lee
8%
Dwight McCarthy
8%
Jake Jensen
6%
Curtis Everett
6%
Nick Grant
3%
Stilios
0%

Score Distribution

Percentile by Number Answered

Percent of People with Each Score

Your Score History

You have not taken this quiz